000 01312nam a2200361 i 4500
003 CO-BoRNBP
005 20230403205115.0
007 ta
008 211103s2021 ck a ||br ||| 00| 1 spa d
020 _a9789589954973
040 _aCO-BoRNBP
_bspa
_erda
_cCO-BoRNBP
041 1 _aspa
_heng
043 _ae-ne---
084 _aA ELA1
100 1 _aEland, Eva
_eautora
_9803
245 1 0 _aFelicidad
_bmanual de usuario
_ctextos e ilustraciones Eva Eland ; traducción David Aliaga
250 _aEdición especial
264 1 _aBogotá, Colombia
_bEdiciones Gaviota
_bPicarona
_bEdiciones Obelisco
_c2021
300 _a[26] páginas sin numerar
_bilustraciones a color
_c25 cm
336 _atexto
_btxt
_2rdacontent
337 _asin mediación
_bn
_2rdamedia
338 _avolumen
_bnc
_2rdacarrier
490 0 _aPlan Nacional de Lectura y Escritura Leer es mi Cuento / Ministerio de Cultura
521 _aRecomendado para un público infantil mayor de 6 años
534 _tWhere happiness begins
650 1 7 _aÁlbumes infantiles holandeses
_2LEMB
_9804
650 1 7 _aLiteratura infantil holandesa
_2LEMB
_9805
650 1 7 _aAutores holandeses
_2LEMB
_9806
650 1 7 _aFelicidad
_vÁlbum
_2LEMB
_9807
650 1 7 _aEmociones
_vÁlbum
_2LEMB
_9808
700 1 _aAliaga, David
_etraductor
_9809
942 _cBKLIT
999 _c9311
_d9311